000 00412nam a2200157Ia 4500
008 230917s9999||||xx |||||||||||||| ||und||
040 _e22503
_aMAIN
041 _aEnglish
082 _a301.11 P278I
100 _aPatton, Bobby R
245 0 _aInterpersonal communication in action: Basic text and readings
250 _a2nd ed.
260 _aNew York
_bHarper, row
_c1977
300 _a452 p.
942 _cBK
999 _c205624
_d205624